00348nam a2200121Ia 4500008004100000020002200041041000800063082002500071100003400096245003700130260005100167300000800218230519s9999 xx 000 0 und d a978-93-89261-89-9 aeng aR/610.724/KAU/DB0822 aKaur Sukhpal & Singh Amarjeet aNursing Research in 21st Century bCBS Publishers & DistributorsaNew Delhic2020 a644